Ensuring effective instruction : (Record no. 354961)
[ view plain ]
| 000 -LEADER | |
|---|---|
| fixed length control field | 00358nam a2200109Ia 4500 |
| 008 - FIXED-LENGTH DATA ELEMENTS--GENERAL INFORMATION | |
| fixed length control field | 180205s9999 xx 000 0 und d |
| 020 ## - INTERNATIONAL STANDARD BOOK NUMBER | |
| International Standard Book Number | 9781416618249 |
| 100 ## - MAIN ENTRY--PERSONAL NAME | |
| Personal name | Phillips, Vicki |
| 245 ## - TITLE STATEMENT | |
| Statement of responsibility, etc | Olson, Lynn |
| Title | Ensuring effective instruction : |
| Remainder of title | how do i improve teaching using multiple measure? : |
| 260 ## - PUBLICATION, DISTRIBUTION, ETC. (IMPRINT) | |
| Place of publication, distribution, etc | usa : |
| Name of publisher, distributor, etc | ASCD publication |
| Date of publication, distribution, etc | 2013 |
| 300 ## - PHYSICAL DESCRIPTION | |
| Extent | 45 pages |
| Withdrawn status | Lost status | Damaged status | Home library | Current library | Shelving location | Date acquired | Source of acquisition | Total Checkouts | Full call number | Barcode | Date last seen | Price effective from | Koha item type | Public note |
|---|---|---|---|---|---|---|---|---|---|---|---|---|---|---|
| College Library | College Library | Reserve Section | 02/05/2018 | Library Fund | LB 1025.3 .P549 2013 | c21188 | 05/15/2018 | 02/05/2018 | Books | Reprograph copy - Location : Technical Area |